| 000 | 00718nam a2200229 a 4500 | ||
|---|---|---|---|
| 003 | MX-MxUPN | ||
| 005 | 20240626063705.0 | ||
| 008 | 991125s1985 mx r 000 0 spa d | ||
| 020 | _a9688580503 | ||
| 035 | _aUPN01000042663 | ||
| 040 |
_aMX-MxUPN _bspa _cMX-MxUPN |
||
| 050 | 1 | 4 |
_aLB1140.2 _bO68 |
| 245 | 0 | 0 |
_aOpuestos : _bguía didáctica para la educación y el habla / _cDonna Cabrera... [et al.] |
| 260 |
_aMéxico : _bFondo Educativo Interamericano, _c1985 |
||
| 300 |
_a32 p. : _bil |
||
| 440 | 3 | _aEl expreso preescolar | |
| 650 | 4 |
_aActividades creativas y trabajos preescolares _9138 |
|
| 700 | 2 |
_aCabrera, Donna, _ecoaut. |
|
| 902 | _aCAV CARLOS AGUILAR VILLA | ||
| 904 |
_aAC _b042665 |
||
| 905 | _aLibro | ||
| 999 |
_c42663 _d42663 |
||